| 000 | 00538nam a22001697a 4500 | ||
|---|---|---|---|
| 999 |
_c331430 _d331430 |
||
| 003 | NUST | ||
| 005 | 20170928122221.0 | ||
| 008 | 170928b xxu||||| |||| 00| 0 eng d | ||
| 040 | _c0 | ||
| 082 | _a628 EPA | ||
| 245 | _aHandbook Recycling and Reuse of Material Found on Superfund Sites | ||
| 260 |
_aUSA _bEPA _c1994 |
||
| 300 | _a84p. | ||
| 500 | _aP.B | ||
| 942 |
_2ddc _cBK _kIESE |
||